Practical Neurological Diagnosis (Record no. 1546)

000 -LEADER
fixed length control field 00622nam a22001937a 4500
005 - DATE AND TIME OF LATEST TRANSACTION
control field 20210423063018.0
008 - FIXED-LENGTH DATA ELEMENTS--GENERAL INFORMATION
fixed length control field 210219s1960 ||||| |||| 00| 0 eng d
040 ## - CATALOGING SOURCE
Original cataloging agency eng
Transcribing agency DLC
041 ## - LANGUAGE CODE
Language code of text/sound track or separate title eng
080 ## - UNIVERSAL DECIMAL CLASSIFICATION NUMBER
Universal Decimal Classification number 616.8
Item number S-79
100 ## - MAIN ENTRY--PERSONAL NAME
9 (RLIN) 977
Personal name Spurling, Glen. R.
245 ## - TITLE STATEMENT
Title Practical Neurological Diagnosis
Remainder of title : With Special Reference to the Problems of Neurosurgery
Statement of responsibility, etc. / by: Charles C. Thomas Publisher
250 ## - EDITION STATEMENT
Edition statement 6th edition
260 ## - PUBLICATION, DISTRIBUTION, ETC.
Place of publication, distribution, etc. Springfield, ill.
Name of publisher, distributor, etc. Charles C. Thomas Publisher
Date of publication, distribution, etc. 1960
300 ## - PHYSICAL DESCRIPTION
Extent 284 p.
Other physical details ill.
650 #0 - SUBJECT ADDED ENTRY--TOPICAL TERM
9 (RLIN) 100
Topical term or geographic name entry element Neurology
653 ## - INDEX TERM--UNCONTROLLED
Uncontrolled term ნევროლოგია
942 ## - ADDED ENTRY ELEMENTS (KOHA)
Source of classification or shelving scheme
Koha item type Books
Edition 6
Holdings
Withdrawn status Lost status Source of classification or shelving scheme Damaged status Not for loan Permanent location Current location Date acquired Inventory number Total Checkouts Full call number Barcode Date last seen Price effective from Koha item type
          Ken Walker International University Ken Walker International University 02/19/2021 416   616.8 S-79 416 02/19/2021 02/19/2021 Books

Powered by Koha